书目信息 |
| 题名: |
师范专科学校理科主要教学参考书书目
|
|
| 作者: | 张厚涵 主编 | |
| 分册: | ||
| 出版信息: | 济南 山东人民出版社 1989.7 |
|
| 页数: | 319页 | |
| 开本: | 19厘米 | |
| 丛书名: | ||
| 单 册: | ||
| 中图分类: | Z836 | |
| 科图分类: | 91.18 | |
| 主题词: | 理科(教育)-师范大学-参考书目录 , 参考书目录-理科(教育)-师范大学 , 师范大学-理科(教育)-参考书目录 | |
| 电子资源: | ||
| ISBN: | 7-209-00382-7 | |
| 000 | 00906nam0 2200253 45 | |
| 001 | 0190004467 | |
| 005 | 20070729152243.07 | |
| 010 | @a7-209-00382-7@dCNY3.10 | |
| 100 | @a19921105d1989 em y0chiy0121 ea | |
| 101 | 0 | @achi |
| 102 | @aCN@b370000 | |
| 105 | @ay b 000yy | |
| 200 | 10 | @a师范专科学校理科主要教学参考书书目@ASHI FAN ZHUAN KE XUE XIAO LI KE ZHU YAO JIAO XUE CAN KAO SHU SHU MU@f张厚涵主编@FZHANG HOU HAN ZHU BIAN |
| 210 | @a济南@c山东人民出版社@d1989.7 | |
| 215 | @a319页@d19厘米 | |
| 540 | 1 | @a师范 专科 学校 理科 教学 参考书 书目@ASHI FAN ZHUAN KE XUE XIAO LI KE JIAO XUE CAN KAO SHU SHU MU |
| 606 | @a理科(教育)-师范大学-参考书目录 | |
| 606 | @a参考书目录-理科(教育)-师范大学 | |
| 606 | @a师范大学-理科(教育)-参考书目录 | |
| 690 | @aZ836@v三版 | |
| 692 | @a91.18 | |
| 701 | 0 | @a张厚涵@AZHANG HOU HAN@4主编 |
| 801 | 0 | @aCN@bTSSF@c20070729 |
| 905 | @a10447@dZ836@e58 | |
| 师范专科学校理科主要教学参考书书目/张厚涵主编.-济南:山东人民出版社,1989.7 |
| 319页;19厘米 |
| ISBN 7-209-00382-7:CNY3.10 |
| ● |
| 相关链接 |
|
|
|
|
正题名:师范专科学校理科主要教学参考书书目
索取号:Z836/58
 
预约/预借
| 序号 | 登录号 | 条形码 | 馆藏地/架位号 | 状态 | 备注 |
| 1 | 0783953 | 207839534 | 第二样本阅览室/ [索取号:Z836/58] | 在馆 |